LIBRARY & INFORMATION CENTRE, KCAET, TAVANUR

ONLINE PUBLIC ACCESS CATALOGUE (OPAC)

Aduthoon / (Record no. 4280)

MARC details
000 -LEADER
fixed length control field 00453cam a2200181ua 4500
041 ## - LANGUAGE CODE
Language code of text/sound track or separate title mal
082 ## - DEWEY DECIMAL CLASSIFICATION NUMBER
Classification number 894.8127
Item number RAM/AD
100 ## - MAIN ENTRY--AUTHOR NAME
Personal name Raman Menon , Puthezhathu .
245 ## - TITLE STATEMENT
Title Aduthoon /
260 ## - PUBLICATION, DISTRIBUTION, ETC. (IMPRINT)
Place of publication Eranakulam :
Name of publisher Kattoorkaran book stall ,
Year of publication 1957.
300 ## - PHYSICAL DESCRIPTION
Number of Pages 139 ; .
942 ## - ADDED ENTRY ELEMENTS (KOHA)
Koha item type Books
Holdings
Withdrawn status Lost status Damaged status Home library Current library Date acquired Full call number Accession Number Koha item type
      KAUAET KAUAET 07/04/2012 894.8127 1562 Books
Withdrawn     KAUAET Sanskrit University 07/04/2012 894.8127 384 Books
free website counter